| 000 | 00575nam a2200205Ia 4500 | ||
|---|---|---|---|
| 003 | OSt | ||
| 005 | 20230411134630.0 | ||
| 008 | 210423s2008 xx 000 0 und d | ||
| 020 | _a8122420699 | ||
| 040 | _cAL | ||
| 041 | _aeng | ||
| 082 | _a658.1511 MUKD | ||
| 100 |
_aMUKHOPADHYAY (Dinabandhu). _986141 |
||
| 245 | _aModern management accounting: a strategic emphasis. | ||
| 260 |
_aNew Delhi _bAsian Books Pvt Ltd _c2008 |
||
| 300 |
_axviii,833 _bPB |
||
| 365 |
_b475 _cINR |
||
| 906 | _aaccounting: ; emphasis. ; management ; Modern ; strategic | ||
| 942 |
_2ddc _cBK |
||
| 999 |
_c158476 _d158476 |
||